000 00312nam a22001337a 4500
008 170206b xxu||||| |||| 00| 0 eng d
020 _a9780323028851
041 _aeng
080 _25ED
_a61
100 _a3
101 _aSHM
245 _aCLINICAL ASSESSMENT RESPIRATORY CARE
_cWILKINS KRIDER
942 _2udc
_cBK
999 _c4718
_d4718